| 000 | 00479nam a22001817a 4500 | ||
|---|---|---|---|
| 005 | 20251108170004.0 | ||
| 008 | 250721s1998 xx 000 0 ara d | ||
| 082 | 1 | 4 | _aط/591/بجي |
| 100 | 1 | _aالبجيرمي، سامي | |
| 245 | 1 | 0 | _aمع الجمل في بلاد العرب / |
| 264 | _c1998. | ||
| 300 | _a15ص | ||
| 490 | 0 | _aسفينة الأصدقاء ؛5 | |
| 650 | 1 | 7 | _aالإبل |
| 700 | 1 |
_aفايد، محمد _eرسم |
|
| 942 |
_2ddc _cBK |
||
| 999 |
_c36715 _d36715 |
||